Gender, youth and culture : young masculinities and feminities /

Bibliographic Details
Main Author: Nayak, Anoop
Other Authors: Kehily, Mary Jane
Format: Book
Language:English
Published: Basingstoke [England] ; New York : Palgrave Macmillan, 2008.
Subjects:
Online Access:Contributor biographical information
Publisher description
Table of contents only

MARC

Tag First Indicator Second Indicator Subfields
LEADER 00000cam a22000004a 4500
001 in00002339949
005 20151108051806.0
008 070918s2008 enk b 001 0 eng
010 |a  2007038552 
020 |a 140394976X (alk. paper) 
020 |a 9781403949769 (alk. paper) 
020 |a 1403949778 
020 |a 9781403949776 
035 |a (OCoLC)ocn173218770 
035 |a (OCoLC)173218770 
040 |a DLC  |c DLC  |d BWKUK  |d BWK  |d BAKER  |d YDXCP  |d UtOrBLW 
049 |a TXAM 
050 0 0 |a HQ796  |b .N3676 2008 
082 0 0 |a 305.23501  |2 22 
100 1 |a Nayak, Anoop. 
245 1 0 |a Gender, youth and culture :  |b young masculinities and feminities /  |c Anoop Nayak and Mary Jane Kehily. 
264 1 |a Basingstoke [England] ;  |a New York :  |b Palgrave Macmillan,  |c 2008. 
300 |a ix, 218 pages ;  |c 24 cm. 
336 |a text  |b txt  |2 rdacontent 
337 |a unmediated  |b n  |2 rdamedia 
338 |a volume  |b nc  |2 rdacarrier 
504 |a Includes bibliographical references (pages 199-208) and index. 
505 0 |a Introducing gender -- Researching gender : towards global ethnographies -- Gender relations in late-modernity : young masculinities in crisis -- Gender relations in late-modernity : youthful femininities and the new girl order -- Gender in a global context -- Producing and regulating gender -- Consuming gender -- Performing gender -- Ending gender? 
650 0 |a Teenagers. 
650 0 |a Adolescence. 
650 0 |a Gender identity. 
650 0 |a Popular culture. 
700 1 |a Kehily, Mary Jane. 
856 4 2 |3 Contributor biographical information  |u http://www.loc.gov/catdir/enhancements/fy0801/2007038552-b.html  |t 0 
856 4 2 |3 Publisher description  |u http://www.loc.gov/catdir/enhancements/fy0801/2007038552-d.html  |t 0 
856 4 1 |3 Table of contents only  |u http://www.loc.gov/catdir/enhancements/fy0801/2007038552-t.html  |t 0 
938 |a Blackwell Book Service UK  |b BBUK  |n L0765286  |c 55.00 
938 |a Baker & Taylor  |b BKTY  |c 90.00  |d 90.00  |i 140394976X  |n 0007052933  |s active 
938 |a Baker & Taylor  |b BKTY  |c 30.95  |d 30.95  |i 1403949778  |n 0007030958  |s active 
938 |a YBP Library Services  |b YANK  |n 2544965 
945 |a PromptCat  |b 264922 
946 |a stk 
947 |a A14836489051 
948 |a cataloged  |b h  |c 2007/11/14  |d c  |e dmartine  |f 2:23:28 pm 
994 |a 92  |b TXA 
999 |a MARS 
999 f f |s bc6f00a4-7d7b-3c4c-9389-05a3e375ff34  |i 5b18a5b5-e6bd-3459-9fd6-9ab6a9e2f136  |t 0 
952 f f |p normal  |a Texas A&M University  |b College Station  |c Sterling C. Evans Library  |d Evans: Library Stacks  |t 0  |e HQ796 .N3676 2008  |h Library of Congress classification  |i unmediated -- volume  |m A14836489051 
998 f f |a HQ796 .N3676 2008  |t 0  |l Evans: Library Stacks